[Event "DEM U10 2018"]
[Site "Willingen GER"]
[Date "2018.05.23"]
[Round "6"]
[White "Linnemann, Caspar"]
[Black "Kieselbach, Jannik"]
[Result "0-1"]
[Termination "normal"]
[Board "12"]
[WhiteElo "1408"]
[BlackElo "1397"]
[WhiteClock "00:26:21"]
[BlackClock "00:12:24"]
[PlyCount "112"]
[WhiteFideId "16200284"]
[BlackFideId "16246403"]
[EventCountry "GER"]
[EventRounds "11"]
[EventType "swiss"]
[EventDate "2018.05.19"]

1. e4 {[%clk 1:13:57]} 1... e5 {[%clk 1:15:53]} 2. Nf3 {[%clk 1:14:18]} 2...
Nc6 {[%clk 1:16:09]} 3. d4 {[%clk 1:14:39]} 3... exd4 {[%clk 1:16:11]} 4. Nxd4
{[%clk 1:14:59]} 4... Nf6 {[%clk 1:15:46]} 5. Nc3 {[%clk 1:15:00]} 5... Bb4 {
[%clk 1:15:23]} 6. Nxc6 {[%clk 1:15:09]} 6... bxc6 {[%clk 1:15:29]} 7. Bd3 {
[%clk 1:15:10]} 7... h6 {[%clk 1:15:15]} 8. Bd2 {[%clk 1:15:22]} 8... O-O {
[%clk 1:15:08]} 9. O-O {[%clk 1:15:41]} 9... d5 {[%clk 1:13:44]} 10. exd5 {
[%clk 1:15:25]} 10... cxd5 {[%clk 1:13:32]} 11. a3 {[%clk 1:15:01]} 11... Be7 {
[%clk 1:13:01]} 12. Re1 {[%clk 1:12:21]} 12... c6 {[%clk 1:12:49]} 13. h3 {
[%clk 1:04:41]} 13... Rb8 {[%clk 1:12:49]} 14. Rb1 {[%clk 1:04:20]} 14... Qd6 {
[%clk 1:11:53]} 15. Na4 {[%clk 1:02:46]} 15... c5 {[%clk 1:10:01]} 16. Nxc5 {
[%clk 1:01:51]} 16... Qxc5 {[%clk 1:08:37]} 17. Bb4 {[%clk 0:59:10]} 17... Rxb4
{[%clk 1:08:28]} 18. axb4 {[%clk 0:59:23]} 18... Qxb4 {[%clk 1:08:28]} 19. c3 {
[%clk 0:57:15]} 19... Qb6 {[%clk 1:08:07]} 20. Rxe7 {[%clk 0:57:15]} 20... Be6
{[%clk 1:07:40]} 21. Ra1 {[%clk 0:52:39]} 21... Nd7 {[%clk 1:05:19]} 22. Ra6 {
[%clk 0:50:51]} 22... Qc5 {[%clk 1:01:16]} 23. Rxd7 {[%clk 0:46:44]} 23... Bxd7
{[%clk 1:01:09]} 24. Qa1 {[%clk 0:46:02]} 24... Ra8 {[%clk 0:50:56]} 25. Qa5 {
[%clk 0:44:12]} 25... Qxa5 {[%clk 0:49:31]} 26. Rxa5 {[%clk 0:44:22]} 26... Be6
{[%clk 0:49:19]} 27. b4 {[%clk 0:37:22]} 27... g6 {[%clk 0:47:44]} 28. Kf1 {
[%clk 0:36:22]} 28... Rc8 {[%clk 0:45:34]} 29. Ra3 {[%clk 0:35:28]} 29... Kf8 {
[%clk 0:44:06]} 30. Ke2 {[%clk 0:35:43]} 30... Rc7 {[%clk 0:43:02]} 31. Kd2 {
[%clk 0:35:39]} 31... Rb7 {[%clk 0:40:25]} 32. Ra6 {[%clk 0:33:27]} 32... g5 {
[%clk 0:36:13]} 33. Ke3 {[%clk 0:30:43]} 33... h5 {[%clk 0:34:09]} 34. Ra5 {
[%clk 0:29:45]} 34... Re7 {[%clk 0:31:45]} 35. Kd2 {[%clk 0:29:49]} 35... Rd7 {
[%clk 0:30:39]} 36. Kc2 {[%clk 0:27:48]} 36... f5 {[%clk 0:28:09]} 37. Ra6 {
[%clk 0:26:22]} 37... Ke7 {[%clk 0:27:39]} 38. Kd2 {[%clk 0:22:00]} 38... h4 {
[%clk 0:25:57]} 39. Ke3 {[%clk 0:21:50]} 39... Rc7 {[%clk 0:17:35]} 40. Kd4 {
[%clk 0:21:34]} 40... Kf6 {[%clk 0:16:13]} 41. b5 {[%clk 0:19:24]} 41... g4 {
[%clk 0:15:40]} 42. b6 {[%clk 0:17:06]} 42... axb6 {[%clk 0:15:42]} 43. Rxb6 {
[%clk 0:17:23]} 43... gxh3 {[%clk 0:14:07]} 44. gxh3 {[%clk 0:17:37]} 44... f4
{[%clk 0:11:51]} 45. Be2 {[%clk 0:16:28]} 45... Ke7 {[%clk 0:11:04]} 46. Bf1 {
[%clk 0:15:22]} 46... f3 {[%clk 0:07:39]} 47. Ke5 {[%clk 0:13:51]} 47... Bf7 {
[%clk 0:06:49]} 48. Rh6 {[%clk 0:13:05]} 48... Rxc3 {[%clk 0:06:47]} 49. Rxh4 {
[%clk 0:13:06]} 49... Rc2 {[%clk 0:06:11]} 50. Ra4 {[%clk 0:12:51]} 50... Rxf2
{[%clk 0:01:13]} 51. Ra7+ {[%clk 0:12:37]} 51... Kd8 {[%clk 0:15:08]} 52. Kd6 {
[%clk 0:26:51]} 52... Be6 {[%clk 0:13:56]} 53. Kxe6 {[%clk 0:26:43]} 53... Rxf1
{[%clk 0:14:04]} 54. Kd6 {[%clk 0:27:05]} 54... Kc8 {[%clk 0:13:05]} 55. Kxd5 {
[%clk 0:26:36]} 55... f2 {[%clk 0:12:02]} 56. Rf7 {[%clk 0:26:21]} 56... Rd1+ {
[%clk 0:12:24]} 0-1

[Event "DEM U10 2018"]
[Site "Willingen GER"]
[Date "2018.05.23"]
[Round "6"]
[White "von Mettenheim, Johannes"]
[Black "Schreidl, Michael"]
[Result "1-0"]
[Termination "normal"]
[Board "13"]
[WhiteElo "1581"]
[BlackElo "1325"]
[PlyCount "119"]
[WhiteFideId "16244818"]
[BlackFideId "16265750"]
[EventCountry "GER"]
[EventRounds "11"]
[EventType "swiss"]
[EventDate "2018.05.19"]

1. d4 Nf6 2. c4 g6 3. Nc3 d5 4. Bg5 Ne4 5. Nxe4 dxe4 6. e3 Bg7 7. Ne2 c5 8. Qd2
Nc6 9. d5 Ne5 10. Nc3 Bf5 11. Be2 Qd7 12. O-O h5 13. h4 f6 14. Bf4 g5 15. Bxe5
fxe5 16. hxg5 h4 17. Qd1 h3 18. Bh5+ Kd8 19. g4 h2+ 20. Kh1 Rxh5 21. gxh5 Bg4
22. f3 exf3 23. Rf2 Bxh5 24. e4 Qh3 25. Qd2 Qg3 26. d6 e6 27. d7 Ke7 28. Rd1
Rd8 29. Nb5 Bg4 30. Nd6 Bh3 31. Nxb7 Bg2+ 32. Rxg2 Qxg2+ 33. Qxg2 fxg2+ 34.
Kxg2 Rxd7 35. Rxd7+ Kxd7 36. Nxc5+ Kd6 37. Nd3 Kc6 38. Kxh2 a5 39. a4 Kd6 40.
Kg3 Ke7 41. Kg4 Kd7 42. Kh5 Bf8 43. Kg6 Be7 44. Kh6 Bxg5+ 45. Kxg5 Kd6 46. Kf6
Kd7 47. Kxe5 Ke7 48. Nc5 Ke8 49. Kxe6 Kf8 50. Kd7 Kf7 51. e5 Kg6 52. e6 Kf5 53.
e7 Kf4 54. e8=Q Kf5 55. Qe4+ Kf6 56. Kd6 Kf7 57. Qf5+ Kg8 58. Qd7 Kh8 59. Ne6
Kg8 60. Qg7# 1-0

[Event "DEM U10 2018"]
[Site "Willingen GER"]
[Date "2018.05.23"]
[Round "6"]
[White "Held, Momme Fredrik"]
[Black "Sauer, Tim"]
[Result "0-1"]
[Termination "normal"]
[Board "14"]
[WhiteElo "1674"]
[BlackElo "1378"]
[PlyCount "94"]
[WhiteFideId "16237692"]
[BlackFideId "16265726"]
[EventCountry "GER"]
[EventRounds "11"]
[EventType "swiss"]
[EventDate "2018.05.19"]

1. e4 c6 2. d4 d5 3. exd5 cxd5 4. Bd3 Nc6 5. c3 Qc7 6. Ne2 Bg4 7. f3 Bh5 8. Bf4
Qd7 9. Ng3 Bg6 10. Bxg6 hxg6 11. O-O e6 12. Re1 O-O-O 13. b4 Bd6 14. Bxd6 Qxd6
15. a4 Nge7 16. h3 Qxg3 17. Kf1 Nf5 18. a5 Nh4 19. Qe2 Ne7 20. a6 b6 21. c4
Nef5 22. Ra3 Qh2 23. Qf2 Ng3+ 24. Qxg3 Qxg3 25. Re2 Qf4 26. cxd5 Rxd5 27. Rc3+
Kd7 28. Nd2 Rxd4 29. Ne4 Rd1+ 30. Kf2 Rc8 31. Rxc8 Kxc8 32. Rc2+ Kd7 33. Re2
Nf5 34. g3 Qc1 35. f4 Rf1+ 36. Kg2 Rg1+ 37. Kf3 Nd4+ 38. Kg4 Nxe2 39. Kh4 Nxf4
40. Ng5 f6 41. b5 fxg5+ 42. Kg4 Qd1+ 43. Kxg5 Rxg3+ 44. Kxf4 Qd3 45. Ke5 Qd5+
46. Kf4 Qg5+ 47. Ke4 Qe3# 0-1

[Event "DEM U10 2018"]
[Site "Willingen GER"]
[Date "2018.05.23"]
[Round "6"]
[White "Weyerer, Noah"]
[Black "Policarpo, Raphael"]
[Result "1/2-1/2"]
[Termination "normal"]
[Board "15"]
[WhiteElo "1263"]
[BlackElo "1640"]
[PlyCount "43"]
[WhiteFideId "16250664"]
[BlackFideId "16237676"]
[EventCountry "GER"]
[EventRounds "11"]
[EventType "swiss"]
[EventDate "2018.05.19"]

1. d4 d5 2. Bf4 c5 3. e3 e6 4. c3 Nf6 5. Nf3 Bd6 6. Bg3 b6 7. Nbd2 Bb7 8. Bd3
O-O 9. Ne5 Qc7 10. Ndf3 Nbd7 11. Nxd7 Nxd7 12. Bxd6 Qxd6 13. h4 e5 14. dxe5
Nxe5 15. Bc2 Rfe8 16. Qe2 Re7 17. O-O-O c4 18. Nxe5 Rxe5 19. Qxc4 dxc4 20. Rxd6
Bxg2 21. Rg1 Be4 22. Rg5 1/2-1/2

[Event "DEM U10 2018"]
[Site "Willingen GER"]
[Date "2018.05.23"]
[Round "6"]
[White "Klaska, Philipp Leon"]
[Black "Cernov, Henrik"]
[Result "0-1"]
[Termination "normal"]
[Board "16"]
[WhiteElo "1272"]
[BlackElo "1353"]
[PlyCount "61"]
[WhiteFideId "16238044"]
[BlackFideId "16258312"]
[EventCountry "GER"]
[EventRounds "11"]
[EventType "swiss"]
[EventDate "2018.05.19"]

1. e4 c5 2. Nf3 e6 3. d4 cxd4 4. Nxd4 Nf6 5. Nc3 Nc6 6. Be3 d5 7. exd5 exd5 8.
Bb5 Bd7 9. Qd2 Bb4 10. f3 O-O 11. Be2 Re8 12. Bg5 Qe7 13. Nxc6 Bxc6 14. Bxf6
gxf6 15. a3 Bxc3 16. bxc3 Bb5 17. O-O Qc5+ 18. Kh1 Rxe2 19. Qf4 Qxc3 20. Qg4+
Kh8 21. f4 Rg8 22. Qh4 Rgxg2 23. Qh6 Rxh2+ 24. Qxh2 Rxh2+ 25. Kxh2 Bxf1 26.
Rxf1 Qxc2+ 27. Kh3 Qd3+ 28. Kg2 d4 29. Re1 Qd2+ 30. Kf1 Qxf4+ 31. Ke2 0-1

[Event "DEM U10 2018"]
[Site "Willingen GER"]
[Date "2018.05.23"]
[Round "6"]
[White "Müller, Milo"]
[Black "Klonov, Jakov"]
[Result "0-1"]
[Termination "normal"]
[Board "17"]
[WhiteElo "1443"]
[BlackElo "1264"]
[PlyCount "122"]
[WhiteFideId "16265700"]
[BlackFideId "16211928"]
[EventCountry "GER"]
[EventRounds "11"]
[EventType "swiss"]
[EventDate "2018.05.19"]

1. e4 c5 2. Nf3 Nc6 3. d4 cxd4 4. Nxd4 g6 5. Nc3 Bg7 6. Be3 Nf6 7. Nxc6 bxc6 8.
e5 Ng8 9. Bd4 e6 10. Bc4 Qc7 11. O-O Bxe5 12. Bxe5 Qxe5 13. Re1 Qg7 14. Qd6 Ne7
15. Rad1 Nf5 16. Qc7 O-O 17. Na4 Qf6 18. Bd3 Ng7 19. b3 Ne8 20. Qg3 d5 21. c4
Ba6 22. cxd5 Bxd3 23. Qxd3 cxd5 24. Nc5 Qd8 25. Qb5 Nd6 26. Qa4 Qc8 27. Rc1 Qd8
28. Red1 Qe7 29. Qd4 Nf5 30. Qe5 Rac8 31. Nd3 Rxc1 32. Rxc1 Qd6 33. Qc3 Ne7 34.
Qf6 Rc8 35. Rxc8+ Nxc8 36. g3 Qe7 37. Qe5 Qd6 38. Qc3 Nb6 39. Qd2 Qc7 40. Kg2
Nd7 41. f4 Nc5 42. Qc3 Na6 43. Qd2 Qb7 44. Qe1 Qb5 45. Ne5 Qb4 46. Qf2 Qb6 47.
Qxb6 axb6 48. Kf2 Kg7 49. Nd3 Kf6 50. Ke3 Ke7 51. Kd4 Kd6 52. a3 Nc5 53. Nxc5
bxc5+ 54. Kc3 Kc6 55. b4 cxb4+ 56. Kxb4 Kb6 57. a4 Kc6 58. Kc3 Kc5 59. h3 f6
60. Kd3 e5 61. h4 e4+ 0-1

[Event "DEM U10 2018"]
[Site "Willingen GER"]
[Date "2018.05.23"]
[Round "6"]
[White "Hoppstädter, Daniel"]
[Black "Rumpold, Jaron"]
[Result "1-0"]
[Termination "normal"]
[Board "18"]
[WhiteElo "1219"]
[BlackElo "1259"]
[PlyCount "61"]
[WhiteFideId "16243625"]
[BlackFideId "16265793"]
[EventCountry "GER"]
[EventRounds "11"]
[EventType "swiss"]
[EventDate "2018.05.19"]

1. e4 c5 2. Nf3 d6 3. d4 cxd4 4. Nxd4 Nc6 5. Bc4 Nf6 6. Nc3 e5 7. Nde2 Be7 8.
f3 O-O 9. Be3 Be6 10. Bxe6 fxe6 11. Qd2 d5 12. exd5 exd5 13. O-O-O d4 14. Qd3
dxe3 15. Qc4+ Kh8 16. Rxd8 Raxd8 17. Rd1 Rxd1+ 18. Nxd1 Rd8 19. Nxe3 Nd4 20.
Nxd4 Rxd4 21. Qc8+ Rd8 22. Qxb7 Bc5 23. Qb3 Nh5 24. g3 Nf6 25. Nc4 e4 26. Ne5
Rf8 27. fxe4 Nxe4 28. Nf7+ Kg8 29. Nh6+ Kh8 30. Qg8+ Rxg8 31. Nf7# 1-0

[Event "DEM U10 2018"]
[Site "Willingen GER"]
[Date "2018.05.23"]
[Round "6"]
[White "Bongardt, Livius"]
[Black "Burkart, Lloyd Shang"]
[Result "1/2-1/2"]
[Termination "normal"]
[Board "19"]
[WhiteElo "1398"]
[BlackElo "1254"]
[PlyCount "42"]
[WhiteFideId "16265718"]
[BlackFideId "16239059"]
[EventCountry "GER"]
[EventRounds "11"]
[EventType "swiss"]
[EventDate "2018.05.19"]

1. e4 c5 2. d4 cxd4 3. c3 dxc3 4. Nxc3 Nc6 5. Nf3 e6 6. Bc4 a6 7. Bf4 Nge7 8.
O-O Ng6 9. Bg3 Be7 10. Qe2 O-O 11. Rfd1 b5 12. Bb3 Bb7 13. Qd3 Na5 14. Re1 Nxb3
15. axb3 Rc8 16. Rad1 Qb6 17. Bd6 Bxd6 18. Qxd6 Qxd6 19. Rxd6 Bc6 20. Ra1 Ra8
21. Nd2 Rfc8 1/2-1/2

[Event "DEM U10 2018"]
[Site "Willingen GER"]
[Date "2018.05.23"]
[Round "6"]
[White "Bräutigam, Alexander"]
[Black "Leubner, Paul Damdin"]
[Result "0-1"]
[Termination "normal"]
[Board "20"]
[WhiteElo "1323"]
[BlackElo "1127"]
[PlyCount "104"]
[WhiteFideId "16245210"]
[BlackFideId "16265858"]
[EventCountry "GER"]
[EventRounds "11"]
[EventType "swiss"]
[EventDate "2018.05.19"]

1. c4 e5 2. Nc3 Nf6 3. g3 Bb4 4. a3 Bxc3 5. bxc3 O-O 6. Bg2 h6 7. d3 Nc6 8. e3
d6 9. Ne2 Be6 10. O-O Qd7 11. f4 Rad8 12. e4 Qe7 13. f5 Bc8 14. h3 b6 15. g4
Nh7 16. Be3 Bb7 17. Qe1 Rd7 18. d4 exd4 19. Nxd4 Na5 20. Nb5 Bxe4 21. Nxa7 Bxg2
22. Kxg2 Nxc4 23. Bd4 c5 24. Qxe7 Rxe7 25. g5 cxd4 26. Nc6 Ne3+ 27. Kf2 Ree8
28. Rg1 Nxg5 29. Rh1 Nxf5 30. cxd4 Rc8 31. d5 Ne4+ 32. Kf3 Nf6 33. Kf4 g6 34.
Rad1 Rfe8 35. Kf3 Ne7 36. Nb4 Rc5 37. Rhe1 Kf8 38. Rd2 Nfxd5 39. Rxe7 Nxe7 40.
Rxd6 Ra5 41. Rd3 Rf5+ 42. Kg4 Rg5+ 43. Kf4 Rh5 44. Kg4 f5+ 45. Kf4 Kf7 46. Rd6
Nc8 47. Rd3 Kf6 48. Nd5+ Kf7 49. h4 Rd8 50. Nf6 Rxd3 51. Nd5 Rxh4+ 52. Ke5 Re4#
0-1

[Event "DEM U10 2018"]
[Site "Willingen GER"]
[Date "2018.05.23"]
[Round "6"]
[White "Pauscher, Moritz"]
[Black "Fröhlich, Niklas"]
[Result "1/2-1/2"]
[Termination "normal"]
[Board "21"]
[WhiteElo "1351"]
[BlackElo "1147"]
[PlyCount "101"]
[WhiteFideId "16265742"]
[BlackFideId "16245016"]
[EventCountry "GER"]
[EventRounds "11"]
[EventType "swiss"]
[EventDate "2018.05.19"]

1. e4 c5 2. Nf3 d6 3. d4 cxd4 4. Nxd4 Nf6 5. Nc3 a6 6. Be3 Ng4 7. Bg5 h6 8. Bh4
g5 9. Bg3 Bg7 10. f3 Ne5 11. Qd2 Nbc6 12. Nxc6 bxc6 13. Be2 Rb8 14. Rb1 Qa5 15.
O-O Be6 16. b3 Nd7 17. e5 Nxe5 18. Be1 O-O 19. Na4 Qc7 20. Qa5 Qxa5 21. Bxa5
Ng6 22. Bd2 Bd4+ 23. Kh1 Bc8 24. Nb2 Bf5 25. Bd3 Bxd3 26. Nxd3 Rb5 27. c4 Rb7
28. f4 f6 29. fxg5 hxg5 30. Rf3 Nh4 31. Rff1 e5 32. Nf2 Kf7 33. Ne4 Ke6 34.
Nxg5+ Ke7 35. Nf3 Nxf3 36. Rxf3 a5 37. Rbf1 e4 38. Re1 d5 39. cxd5 cxd5 40. Rd3
Be5 41. Rxd5 Rc7 42. Rxa5 Rc2 43. Bb4+ Bd6 44. Rxe4+ Kf7 45. Ra7+ Kg6 46. g3
Bxb4 47. Rxb4 Rd8 48. Rg4+ Kh6 49. Rh4+ Kg6 50. Rg4+ Kh6 51. Rh4+ 1/2-1/2

[Event "DEM U10 2018"]
[Site "Willingen GER"]
[Date "2018.05.23"]
[Round "6"]
[White "Apel, Linus"]
[Black "Itin, Timofey"]
[Result "1-0"]
[Termination "normal"]
[Board "22"]
[WhiteElo "1283"]
[BlackElo "1298"]
[PlyCount "139"]
[WhiteFideId "16265785"]
[BlackFideId "16265777"]
[EventCountry "GER"]
[EventRounds "11"]
[EventType "swiss"]
[EventDate "2018.05.19"]

1. c4 e5 2. Nc3 Nf6 3. g3 c6 4. Bg2 Bc5 5. e3 d5 6. cxd5 cxd5 7. Nge2 d4 8. Na4
Bb6 9. Nxb6 axb6 10. O-O dxe3 11. dxe3 O-O 12. Qb3 Be6 13. Qc2 Bd5 14. Rd1 Ra5
15. Nc3 Nc6 16. a3 Ne7 17. b4 Ra8 18. Bb2 Qd6 19. Nxd5 Nfxd5 20. e4 Rac8 21.
Qb3 f6 22. exd5 Rcd8 23. Rac1 Rd7 24. Rc2 Rfd8 25. Rcd2 f5 26. a4 e4 27. b5 h6
28. Bc3 Qc5 29. d6+ Kh7 30. dxe7 Qxe7 31. Rxd7 Rxd7 32. Rxd7 Qxd7 33. Qc2 Qd6
34. Qb2 Qd1+ 35. Bf1 Qxa4 36. Bxg7 Qd1 37. Qf6 Qg4 38. Bxh6 Qg6 39. Qxg6+ Kxg6
40. Be3 Kh5 41. Bxb6 Kg4 42. Bg2 Kg5 43. f3 exf3 44. Bxf3 f4 45. gxf4+ Kxf4 46.
Bxb7 Ke5 47. h4 Kf5 48. Bh1 Kg4 49. Ba7 Kxh4 50. b6 Kg4 51. b7 Kf4 52. b8=Q+
Kf5 53. Be4+ Kxe4 54. Bd4 Kxd4 55. Qb5 Ke4 56. Qd7 Ke5 57. Kf1 Ke4 58. Ke1 Ke5
59. Kd2 Ke4 60. Kc3 Ke5 61. Kc4 Ke4 62. Qe6+ Kf4 63. Kd3 Kg5 64. Qf7 Kg4 65.
Qf6 Kg3 66. Ke2 Kg4 67. Ke3 Kg3 68. Qg5+ Kh3 69. Kf2 Kh2 70. Qg2# 1-0

[Event "DEM U10 2018"]
[Site "Willingen GER"]
[Date "2018.05.23"]
[Round "6"]
[White "Ivanov, Alexander"]
[Black "Scheerer, Julian"]
[Result "1/2-1/2"]
[Termination "normal"]
[Board "23"]
[WhiteElo "1155"]
[BlackElo "1301"]
[PlyCount "54"]
[WhiteFideId "34604472"]
[BlackFideId "16265769"]
[EventCountry "GER"]
[EventRounds "11"]
[EventType "swiss"]
[EventDate "2018.05.19"]

1. d4 d5 2. c4 e6 3. Nc3 Nf6 4. Bg5 Be7 5. Nf3 O-O 6. e3 Nbd7 7. Be2 h6 8. Bxf6
Nxf6 9. O-O c5 10. Ne5 Bd6 11. Nf3 b6 12. b3 Bb7 13. Rc1 a6 14. a4 Qd7 15. h3
Rac8 16. Qd2 Rfe8 17. Rfd1 Red8 18. Ne5 Bxe5 19. dxe5 Nh7 20. Bd3 Nf8 21. Bc2
Kh8 22. Rb1 dxc4 23. Qxd7 Nxd7 24. bxc4 Bc6 25. Rd6 a5 26. Rbd1 Kg8 27. f4 Kf8
1/2-1/2

[Event "DEM U10 2018"]
[Site "Willingen GER"]
[Date "2018.05.23"]
[Round "6"]
[White "Fruth, David"]
[Black "Malchereck, Romeo"]
[Result "1/2-1/2"]
[Termination "normal"]
[Board "24"]
[WhiteElo "1482"]
[BlackElo "1184"]
[PlyCount "145"]
[WhiteFideId "16257596"]
[BlackFideId "16265831"]
[EventCountry "GER"]
[EventRounds "11"]
[EventType "swiss"]
[EventDate "2018.05.19"]

1. e4 c5 2. d4 cxd4 3. c3 dxc3 4. Nxc3 e6 5. Nf3 a6 6. Bc4 b5 7. Bb3 Nc6 8. O-O
Bb7 9. a3 Nge7 10. Qe2 h6 11. Bf4 g5 12. Bg3 Ng6 13. Rfd1 Bg7 14. Rac1 Na5 15.
Ba2 h5 16. h3 h4 17. Bh2 Rc8 18. Nxb5 Rxc1 19. Nd6+ Kf8 20. Rxc1 Qb6 21. Nxb7
Nxb7 22. Rc8+ Ke7 23. Rxh8 Nxh8 24. b3 Bf6 25. e5 Bg7 26. Nxg5 Qd4 27. Bb1 Qa1
28. Qa2 Qd4 29. Qc2 Bxe5 30. Bxe5 Qxe5 31. Nf3 Qf6 32. Qh7 Nc5 33. b4 Nb7 34.
Qxh4 Qxh4 35. Nxh4 a5 36. g4 Kf6 37. Kg2 Ng6 38. Nxg6 fxg6 39. Kf3 d5 40. Ke3
e5 41. f4 exf4+ 42. Kxf4 g5+ 43. Kf3 Ke5 44. Ke3 d4+ 45. Kf3 axb4 46. axb4 Nd6
47. Bd3 Kd5 48. Kg3 Ne4+ 49. Kf3 Nc3 50. Kf2 Ke5 51. Kg3 Ne4+ 52. Kf3 Nc3 53.
Kg3 Ne4+ 54. Bxe4 Kxe4 55. b5 Kd5 56. b6 Kc6 57. b7 Kxb7 58. Kf3 Kc6 59. Ke4
Kc5 60. Kd3 Kd5 61. Kd2 Ke4 62. Ke2 d3+ 63. Kd2 Kf3 64. Kxd3 Kg3 65. Ke3 Kxh3
66. Kf3 Kh4 67. Kf2 Kxg4 68. Kg2 Kf4 69. Kf2 g4 70. Kg2 g3 71. Kg1 Kf3 72. Kf1
Kg4 73. Kg2 1/2-1/2

[Event "DEM U10 2018"]
[Site "Willingen GER"]
[Date "2018.05.23"]
[Round "6"]
[White "Udelnov, Valentin"]
[Black "Toth, Luca"]
[Result "1-0"]
[Termination "normal"]
[Board "25"]
[WhiteElo "1377"]
[BlackElo "1218"]
[PlyCount "69"]
[WhiteFideId "16265734"]
[BlackFideId "16260228"]
[EventCountry "GER"]
[EventRounds "11"]
[EventType "swiss"]
[EventDate "2018.05.19"]

1. e4 e5 2. Nf3 Nc6 3. Bc4 Bc5 4. c3 Nf6 5. d3 d6 6. a4 Be6 7. Bxe6 fxe6 8. b4
Nxb4 9. cxb4 Bxb4+ 10. Bd2 Bxd2+ 11. Nbxd2 Qd7 12. O-O O-O 13. Qb3 Rab8 14.
Rac1 h6 15. Rc2 Rfe8 16. Rfc1 c6 17. Nc4 b5 18. axb5 Rxb5 19. Qa3 c5 20. Ra2
Rb7 21. h3 Nh5 22. g3 Rf8 23. Kg2 Qf7 24. Nh2 Rd7 25. Ng4 Qf3+ 26. Kg1 Nxg3 27.
fxg3 Qxg3+ 28. Rg2 Qxh3 29. Nce3 h5 30. Qb3 hxg4 31. Qxe6+ Rdf7 32. Nxg4 Kh8
33. Qg6 Rf6 34. Qg5 Kg8 35. Nxf6+ 1-0

[Event "DEM U10 2018"]
[Site "Willingen GER"]
[Date "2018.05.23"]
[Round "6"]
[White "Müller, Mitja"]
[Black "Mader, Fabian"]
[Result "1-0"]
[Termination "normal"]
[Board "26"]
[WhiteElo "1215"]
[BlackElo "1095"]
[PlyCount "75"]
[WhiteFideId "16265807"]
[BlackFideId "16265866"]
[EventCountry "GER"]
[EventRounds "11"]
[EventType "swiss"]
[EventDate "2018.05.19"]

1. d4 Nf6 2. c4 g6 3. Nc3 d5 4. Nf3 Bg7 5. cxd5 Nxd5 6. e4 Nxc3 7. bxc3 O-O 8.
Bf4 c5 9. Rc1 Qa5 10. Rc2 Nc6 11. e5 Bf5 12. Bd3 Bxd3 13. Qxd3 Nxd4 14. Nxd4
cxd4 15. Qxd4 Rfd8 16. Qe3 Rac8 17. h4 Rd5 18. Qf3 Bxe5 19. Bxe5 Rxe5+ 20. Kf1
Rd5 21. g3 Rcd8 22. Kg2 b6 23. Re1 e6 24. Qf6 R8d7 25. c4 Rd4 26. Rec1 Rd2 27.
h5 gxh5 28. Rxd2 Qxd2 29. Ra1 Qd3 30. Qg5+ Qg6 31. Qb5 Qe4+ 32. Kh2 Rd2 33.
Qg5+ Qg6 34. Qxd2 Qf5 35. Qb2 h4 36. Rg1 h3 37. Rd1 Kf8 38. Qh8+ 1-0

[Event "DEM U10 2018"]
[Site "Willingen GER"]
[Date "2018.05.23"]
[Round "6"]
[White "Hubert, Nikita"]
[Black "Kamleiter, Noah"]
[Result "0-1"]
[Termination "normal"]
[Board "27"]
[WhiteElo "1122"]
[BlackElo "1213"]
[PlyCount "70"]
[WhiteFideId "16235754"]
[BlackFideId "16265815"]
[EventCountry "GER"]
[EventRounds "11"]
[EventType "swiss"]
[EventDate "2018.05.19"]

1. e4 c5 2. Nf3 Nc6 3. Bc4 g6 4. Nc3 Bg7 5. d3 d6 6. O-O Bg4 7. h3 Bxf3 8. Qxf3
Ne5 9. Bb5+ Nd7 10. Bc4 e6 11. Qg3 a6 12. Bg5 Ngf6 13. Qxd6 Bf8 14. Qg3 h6 15.
Bxf6 Nxf6 16. a3 Bd6 17. Qe3 Qb6 18. Na4 Qc7 19. Nc3 Be7 20. e5 Nd7 21. Rad1
Nxe5 22. Ba2 Nd7 23. Rfe1 Bg5 24. Qf3 O-O 25. Ne4 Be7 26. Qe3 Kg7 27. Qg3 Qc6
28. d4 Nf6 29. Nxf6 Bxf6 30. c3 Qb6 31. Re2 cxd4 32. cxd4 Bxd4 33. Rdd2 Rac8
34. Qf3 Rc1+ 35. Kh2 Rd8 0-1

[Event "DEM U10 2018"]
[Site "Willingen GER"]
[Date "2018.05.23"]
[Round "6"]
[White "Westedt, Felix"]
[Black "Henzgen, Pascal"]
[Result "0-1"]
[Termination "normal"]
[Board "28"]
[WhiteElo "1049"]
[BlackElo "1223"]
[PlyCount "90"]
[WhiteFideId "16265874"]
[BlackFideId "16263138"]
[EventCountry "GER"]
[EventRounds "11"]
[EventType "swiss"]
[EventDate "2018.05.19"]

1. e4 e5 2. Nf3 Nc6 3. Bc4 Bc5 4. Nc3 Nf6 5. d3 d6 6. O-O O-O 7. h3 Be6 8. Nd5
Na5 9. Nxf6+ Qxf6 10. Bxe6 fxe6 11. Be3 Bb6 12. Qd2 Nc6 13. c3 d5 14. Bg5 Qf7
15. exd5 exd5 16. d4 Rfe8 17. Qd3 e4 18. Qe2 exf3 19. Qxf3 Qxf3 20. gxf3 Ne7
21. Rfe1 Ng6 22. Rxe8+ Rxe8 23. Kf1 Rf8 24. h4 h6 25. h5 hxg5 26. hxg6 Rf6 27.
Re1 Rxg6 28. Re5 c6 29. Kg2 Bc7 30. Re1 Kf7 31. Rg1 Rh6 32. Kf1 Kf6 33. Ke2 Kf5
34. b4 a6 35. Re1 Re6+ 36. Kd2 Rxe1 37. Kxe1 Kf4 38. Ke2 g4 39. fxg4 Kxg4 40.
f3+ Kg3 41. Ke3 b6 42. a3 g5 43. a4 Bd8 44. a5 bxa5 45. bxa5 Bxa5 0-1

[Event "DEM U10 2018"]
[Site "Willingen GER"]
[Date "2018.05.23"]
[Round "6"]
[White "Sinka, Silas"]
[Black "Cromm, Mika"]
[Result "1-0"]
[Termination "normal"]
[Board "30"]
[WhiteElo "1186"]
[BlackElo "1374"]
[PlyCount "70"]
[WhiteFideId "16265823"]
[BlackFideId "16244915"]
[EventCountry "GER"]
[EventRounds "11"]
[EventType "swiss"]
[EventDate "2018.05.19"]

1. Nf3 d5 2. g3 Bf5 3. Bg2 e6 4. O-O Nf6 5. d3 h6 6. Nbd2 Bd6 7. Re1 O-O 8. e4
dxe4 9. dxe4 Bh7 10. e5 Nfd7 11. exd6 cxd6 12. Nd4 d5 13. c4 Nb6 14. b3 Nc6 15.
Bb2 Rc8 16. Nxc6 bxc6 17. c5 Nd7 18. Nf3 Re8 19. Rc1 f6 20. Bh3 e5 21. Nh4 Rb8
22. Bf5 Re7 23. Bxh7+ Kxh7 24. Nf5 Re8 25. Nd6 Rf8 26. Qc2+ Kg8 27. Qg6 Qe7 28.
Nf5 Qf7 29. Nxh6+ Kh8 30. Nxf7+ Kg8 31. Nd6 Rb4 32. Bc3 Rbb8 33. Bd2 Kh8 34. g4
Rbd8 35. Nf7+ Rxf7 1-0